000 00417nam a2200181Ia 4500
001 10325
005 20260306161824.0
008 260306t1998||||xx |||||||||||||| ||spa||
041 _aESP
082 _a920.008
_bM86
100 _aMorote, Herbert
_eAUT
245 0 _aVargas Llosa, tal cual
260 _c1998
300 _a272 páginas :
_c21 cm.
650 _aGEN
654 _aCHU
942 _cLIB
_dJUS
_fJUS
_2ddc
_n
999 _c10325
_d10325